000 00643nam a2200241Ia 4500
003 OSt
005 20220912152749.0
006 a|||||r|||| 00| 0
007 ta
008 220909b |||||||| |||| 00| 0 eng d
024 _a35476
037 _cTextual
040 _aCSL
_beng
_cCSL
041 _aeng
082 _aC6:142p1:N64, K4
111 _a7TH INTERNATIONAL CONFERENCE ON PHYSICS OF SEMICONDUCTORS (1964 : Paris)
245 0 _aProceedings on physics of semiconductors
260 _c1964
300 _ap.
_ccm.
650 _aSemiconductors
942 _hC6:142p1:N64, K4
_cTEXL
_2CC
999 _c91607
_d91607